<?xml version="1.0" encoding="UTF-8"?>
<record
    xmlns:xsi="http://www.w3.org/2001/XMLSchema-instance"
    xsi:schemaLocation="http://www.loc.gov/MARC21/slim http://www.loc.gov/standards/marcxml/schema/MARC21slim.xsd"
    xmlns="http://www.loc.gov/MARC21/slim">

  <leader>01672nam a22001577a 4500</leader>
  <datafield tag="999" ind1=" " ind2=" ">
    <subfield code="c">523922</subfield>
    <subfield code="d">523922</subfield>
  </datafield>
  <controlfield tag="008">231016b           ||||| |||| 00| 0 eng d</controlfield>
  <datafield tag="100" ind1=" " ind2=" ">
    <subfield code="a">Sinha, Rajesh Kumar and Sajja, Srinivas </subfield>
    <subfield code="9">44148</subfield>
  </datafield>
  <datafield tag="245" ind1=" " ind2=" ">
    <subfield code="a">Social audit of fourteenth finance commission grants in Jharkhand</subfield>
  </datafield>
  <datafield tag="260" ind1=" " ind2=" ">
    <subfield code="a">Bihar Journal of Public Administration </subfield>
  </datafield>
  <datafield tag="300" ind1=" " ind2=" ">
    <subfield code="a">18(2), Jul-Dec, 2020: p.459-471</subfield>
  </datafield>
  <datafield tag="520" ind1=" " ind2=" ">
    <subfield code="a">Social Audit Unit of Jharkhand conducted social audit of utilisation of Fourteenth Finance Commission (FFC) grants in 1500 Gram Panchayats (GPs) in the State. FFC grants are given to GPs for delivery of basic services such as water supply, sanitation, sewerage &amp; solid waste management, drainage, maintenance of community assets, maintenance of roads, footpaths and street-lighting, burial and cremation grounds. Absence of records/ documents, irregularity in purchases/ inflated estimates, underpayment of wages, incomplete works, duplication of works, unnecessary works undertaken and lack of wall writing and information boards have been found as key deviations found in the social audit apart from GP specific deviations. This paper describes and analyses the process, achievements and challenges of social audit of FFC grants and makes recommendations to the Government of India and State Government of Jharkhand to further strengthen social audit, most of which may be applicable to social audit of utilisation of Fiftheenth Finance Commission grants in coming years.- Reproduced</subfield>
  </datafield>
  <datafield tag="650" ind1=" " ind2=" ">
    <subfield code="a">Social audit, XIV finance commission, Gram panchayats, Jharkhand, Public hearing. </subfield>
    <subfield code="9">41022</subfield>
  </datafield>
  <datafield tag="773" ind1=" " ind2=" ">
    <subfield code="a">Bihar Journal of Public Administration </subfield>
  </datafield>
  <datafield tag="906" ind1=" " ind2=" ">
    <subfield code="a">SOCIAL AUDIT</subfield>
  </datafield>
  <datafield tag="942" ind1=" " ind2=" ">
    <subfield code="c">AR</subfield>
  </datafield>
  <datafield tag="952" ind1=" " ind2=" ">
    <subfield code="0">0</subfield>
    <subfield code="1">0</subfield>
    <subfield code="2">ddc</subfield>
    <subfield code="4">0</subfield>
    <subfield code="7">0</subfield>
    <subfield code="9">398969</subfield>
    <subfield code="a">IIPA</subfield>
    <subfield code="b">IIPA</subfield>
    <subfield code="d">2023-10-16</subfield>
    <subfield code="h">18(2), Jul-Dec, 2020: p.459-471</subfield>
    <subfield code="p">AR129805</subfield>
    <subfield code="r">2023-10-16</subfield>
    <subfield code="y">AR</subfield>
  </datafield>
</record>
